Movies Quiz

Random Movies or Actor Quiz
Score 0/10 Timer 10:00
0 Plays Today
Elenco Película % Correct
Leonardo DiCaprio, Joseph Gordon-Levitt, Ellen Page, Tom Hardy, Ken WatanabeEl Origen
90.9%
Robert de Niro, Joe Pesci, Al Pacino, Anna Paquin, Ray RomanoEl Irlandés
81.8%
Brad Pitt, Edward Norton, Helena Bonham Carter, Jared Leto, Meat LoafEl Club de la Pelea
81.8%
Sigourney Weaver, Veronica Cartwright, John Hurt, Harry Dean Stanton, Tom Skerritt,Alien
72.7%
Heath Ledger, Jake Gyllenhaal, Michelle Williams, Anne Hathaway, Anna FarisSecreto en la Montaña
63.6%
Tom Hanks, Robin Wright, Sally Field, Gary Sinise, Mykelti WilliamsonForrest Gump
63.6%
Sean Astin, Josh Brolin, Jeff Cohen, Corey Feldman, Kerri GreenLos Goonies
45.5%
Hugh Jackman, Russel Crowe, Anne Hathaway, Amanda Seyfried, Helena Bonham CarterLos Miserables
45.5%
Nicole Kidman, Ewan McGregor, Jim Broadbent, Richard Roxburgh, John LeguizamoMoulin Rouge!
45.5%
Emma Stone, Viola Davis, Octavia Spencer, Bryce Dallas Howard, Jessica Chastain, Allison JaneyHistorias Cruzadas
36.4%
Remove Ads.
Support Sporcle.
Get the best of Sporcle when you Go Orange. This ad-free experience offers more features, more stats, and more fun while also helping to support Sporcle. Thank you for becoming a member.

You're not logged in!

Compare scores with friends on all Sporcle quizzes.
OR
Log In

Sporcle TV

Today on Sporcle TV


Watch our educational content, quiz creation guides, and fun videos on Sporcle TV.

Show Comments

Extras

Top Quizzes Today


Score Distribution

Paid Content

Your Account Isn't Verified!

In order to create a playlist on Sporcle, you need to verify the email address you used during registration. Go to your Sporcle Settings to finish the process.

Report this User

Report this user for behavior that violates our Community Guidelines.

Details: